[Event "SRI-chB (Women)"]
[Site "Narahenpita"]
[Date "2017.05.14"]
[Round "4"]
[White "Seneka, MW Thenumi"]
[Black "Maleesha, Tharuki"]
[Result "0-1"]
[WhiteElo "1317"]
[BlackElo "1207"]
[PlyCount "98"]
[EventDate "2017.05.12"]
[EventType "swiss"]
[EventRounds "10"]
[EventCountry "SRI"]
[SourceTitle "CBM 178 Extra"]
[Source "ChessBase"]
[SourceDate "2017.06.22"]
[SourceVersion "1"]
[SourceVersionDate "2017.06.22"]
[SourceQuality "1"]

1. e4 c5 2. Nf3 e6 3. d4 cxd4 4. Nxd4 a6 5. Nc3 Qc7 6. Be3 Nf6 7. f3 Bc5 8. Qd2 d6 9. Be2 Nbd7 10. a3 b5 11. g4 Ne5 12. g5 Nfd7 13. f4 Nc4 14. Bxc4 bxc4 15. h4 Rb8 16. Rb1 Nb6 17. b4 cxb3 18. cxb3 Bxa3 19. Ncb5 axb5 20. Nxb5 Qc6 21. Nxa3 Qxe4 22. Kf2 Bb7 23. Rh2 Qf3+ 24. Ke1 Nd5 25. Nc4 Ba6 26. Rf2 Qh1+ 27. Rf1 Qxh4+ 28. Bf2 Qxf4 29. Qxf4 Nxf4 30. Ba7 Ra8 31. Nxd6+ Ke7 32. Rxf4 Kxd6 33. Rxf7 Rhf8 34. Rd1+ Kc6 35. Rc1+ Kd5 36. Rd7+ Ke4 37. Rd4+ Ke5 38. Bc5 Rf1+ 39. Kd2 Rxc1 40. Kxc1 Rc8 41. b4 Rxc5+ 42. bxc5 Kxd4 43. c6 e5 44. Kd2 e4 45. c7 e3+ 46. Ke1 Kd3 47. Kd1 e2+ 48. Ke1 h6 49. gxh6 gxh6 0-1